El derecho a un plazo razonable / (Registro nro. 6188)
[ vista simple ]
| 000 -LEADER | |
|---|---|
| fixed length control field | 00911nabaa22002177a 4500 |
| 003 - CONTROL NUMBER IDENTIFIER | |
| control field | OSt |
| 005 - DATE AND TIME OF LATEST TRANSACTION | |
| control field | 20260125010310.0 |
| 008 - FIXED-LENGTH DATA ELEMENTS--GENERAL INFORMATION | |
| fixed length control field | 190701b xxu||||| |||| 00| 0 spa d |
| 040 ## - CATALOGING SOURCE | |
| Transcribing agency | PJ |
| 100 ## - MAIN ENTRY--PERSONAL NAME | |
| 9 (RLIN) | 1494 |
| Personal name | Ivanega, Miriam Mabel |
| 245 13 - TITLE STATEMENT | |
| Title | El derecho a un plazo razonable / |
| Statement of responsibility, etc | Miriam M. Ivanega. |
| 300 ## - PHYSICAL DESCRIPTION | |
| Extent | p. 3-12 |
| 500 ## - GENERAL NOTE | |
| General note | Cita: TR LALEY AR/DOC/2163/2024 |
| 505 ## - FORMATTED CONTENTS NOTE | |
| Formatted contents note | Sumario: I. Principios y derechos.— II. La tutela administrativa efectiva.— III. El derecho al plazo razonable.— IV. Concluyendo. |
| 505 ## - FORMATTED CONTENTS NOTE | |
| Title | ¿Te interesa el texto completo? Comunicate al correo: koha@justierradelfuego.gov.ar |
| 650 #0 - SUBJECT ADDED ENTRY--TOPICAL TERM | |
| 9 (RLIN) | 211 |
| Topical term or geographic name as entry element | DERECHO ADMINISTRATIVO |
| 650 #0 - SUBJECT ADDED ENTRY--TOPICAL TERM | |
| Topical term or geographic name as entry element | PROCEDIMIENTO ADMINISTRATIVO |
| 9 (RLIN) | 1135 |
| 650 #0 - SUBJECT ADDED ENTRY--TOPICAL TERM | |
| Topical term or geographic name as entry element | REFORMA DEL ESTADO |
| 9 (RLIN) | 3177 |
| 773 0# - HOST ITEM ENTRY | |
| Host Biblionumber | 2842 |
| Host Itemnumber | 3251 |
| Place, publisher, and date of publication | Buenos Aires : AbeledoPerrot, 2012- |
| Other item identifier | DA121 |
| Title | Derecho administrativo. Nº 155 septiembre/octubre 2024 |
| International Standard Book Number | 18510590 |
| 942 ## - ADDED ENTRY ELEMENTS (KOHA) | |
| Source of classification or shelving scheme | |
| Koha item type | Analítica Artículo de Revista |
No hay ítems disponibles.
